00638nam a2200169Ia 4500008004100000020001500041041001200056100002300068245007500091260002500166300000800191650001100199700001800210942000700228999001700235952021600252221030s9999 xx 000 0 und d a0074624776 aEnglish aS. K. Bhattacharya 0aIndustrial Electronics & Controlcby S. K. Bhattacharya, S. Chatterjee bTMHaNew Delhic2004 a649 aBB ECE aS. Chatterjee cBK c17965d17965 pBB 908g275.00l0eDonated by Dr. Ankita Nanda ( Asstt. Prof. MBA Deptt. )r2025-05-17 00:00:00w2022-10-30yBK003Print4070aMIETLIBbMIETLIBcBL-Academic Block B, FL-2, CUP-101, SH-5, R-5d2018-12-1410HBB